00653nam a2200181 i 450000100060000000300090000600500170001500700030003200800410003510000330007624500810010926000330019030000300022370000470025385200320030099900170033295201220034979284ES-MaACL20230906173939.0t|041020s1968 sp ||||1| spa d1 aHenri-Devos, Prosper.96257013aAs cartas de Galicia de Prosper Henri-Devos / cXose Ramon e Fernandez Oxea. a[Vigo] : bGalaxia, c[1968] a120 p. : bil. ; c18 cm.1 aRamón e Fernández-Oxea, Xosé.995213 aES-MaACLjC-34477 bR.65660 c79284d79284 00104070aATENEOMbATENEOMcDEPO2d2008-01-17eSCl0oC-34477p1082911r2023-02-23 00:00:00w2023-02-23yMONOGRAFIA